| 000 | 00585nam a2200205Ia 4500 | ||
|---|---|---|---|
| 001 | 49068 | ||
| 003 | OSt | ||
| 005 | 20160411145656.0 | ||
| 008 | 140430s9999 xx 000 0 und d | ||
| 020 | _a97896923348 | ||
| 040 | _cPK-LaUMT | ||
| 082 |
_a 891.4393 _bRAZ-L |
||
| 100 | _aRazia Butt | ||
| 245 |
_a(لغزش)Laghzish (Urdu) _c(رضیہ بٹ)Razia Butt |
||
| 260 |
_a(لاہور،پاکستان)Lahore,Pakistan: _b(سنگ میل پبلیکیشنز)Sang-e-Meel Publications, _c2011 |
||
| 300 | _a432 p. | ||
| 546 | _aUR | ||
| 650 | _aUrdu literature-Novel | ||
| 942 |
_cBK _2ddc |
||
| 999 |
_c46838 _d46838 |
||